<?xml version="1.0" encoding="UTF-8"?><?xml-stylesheet type="text/xsl" href="static/style.xsl"?><OAI-PMH xmlns="http://www.openarchives.org/OAI/2.0/" xmlns:xsi="http://www.w3.org/2001/XMLSchema-instance" xsi:schemaLocation="http://www.openarchives.org/OAI/2.0/ http://www.openarchives.org/OAI/2.0/OAI-PMH.xsd"><responseDate>2026-04-13T05:54:33Z</responseDate><request verb="GetRecord" identifier="oai:www.recercat.cat:2099.1/26273" metadataPrefix="marc">https://recercat.cat/oai/request</request><GetRecord><record><header><identifier>oai:recercat.cat:2099.1/26273</identifier><datestamp>2025-07-17T15:34:22Z</datestamp><setSpec>com_2072_1033</setSpec><setSpec>col_2072_452951</setSpec></header><metadata><record xmlns="http://www.loc.gov/MARC21/slim" xmlns:dcterms="http://purl.org/dc/terms/" xmlns:xsi="http://www.w3.org/2001/XMLSchema-instance" xmlns:doc="http://www.lyncode.com/xoai" xsi:schemaLocation="http://www.loc.gov/MARC21/slim http://www.loc.gov/standards/marcxml/schema/MARC21slim.xsd">
   <leader>00925njm 22002777a 4500</leader>
   <datafield ind2=" " ind1=" " tag="042">
      <subfield code="a">dc</subfield>
   </datafield>
   <datafield ind2=" " ind1=" " tag="720">
      <subfield code="a">Canals Mir, Mireia</subfield>
      <subfield code="e">author</subfield>
   </datafield>
   <datafield ind2=" " ind1=" " tag="260">
      <subfield code="c">2015-06</subfield>
   </datafield>
   <datafield ind2=" " ind1=" " tag="520">
      <subfield code="a">Aquest projecte de final de carrera consisteix en una ordenació urbanística d’un&#xd;
terreny a Sant Martí Sarroca (Alt Penedès) i dotar-lo de tots els serveis necessaris.&#xd;
L'ordenació del sector, que l’anomenarem Sector UD-1, ve condicionada principalment&#xd;
per l'accés des de la carretera BP-2121 ja executada i per la posició de la zona&#xd;
d'equipament, que es destinarà al solar per fer una nova escola.&#xd;
L’objectiu del següent projecte és el de donar a l’espai una imatge de conjunt així com&#xd;
renovar l’ordenació actual, millorar el paisatge urbà d’aquest entorn, controlant el tràfic&#xd;
rodat, potenciant les zones de vianants i peatonalitzant totalment alguns trams dels&#xd;
carrers que creuen. També la redefinició i millora dels carrers mitjançant la definició&#xd;
d’un nou traçat i una nova secció de vial així com la definició de les xarxes de serveis&#xd;
de la urbanització per tal de donar compliment al subministra de serveis bàsics i la&#xd;
creació de noves zones verdes. Hem volgut dotar al sector d’una millora paisatgística&#xd;
ja que constitueix un lloc idoni pel passeig i per gaudir de la naturalesa.&#xd;
La posició de l’equipament s’ha disposat al llarg del passeig esportiu, i seguint&#xd;
normativa hem disposat els habitatges unifamiliars ordenats en fileres al llarg del&#xd;
Carrer A. Una vegada l’ordenació del Sector està completa, podrem dotar la zona de&#xd;
tots els serveis necessaris (aigua, gas, electricitat, etc.). El resultat final és un&#xd;
document que ha de servir per a totes les aprovacions administratives i de base al&#xd;
Contractista per a la seva correcta execució, definitori de totes les actuacions a&#xd;
emprendre, de les condicions en què s’han de realitzar i una valoració acurada dels&#xd;
seus costos que trobarem en el document pressupostari.&#xd;
És un projecte enriquidor que m’ha permès conèixer a fons gairebé totes les parts que&#xd;
l’integren i profunditzar en la gran majoria d’elles. He pogut d’alguna manera posar en&#xd;
pràctica tots els coneixements adquirits durant aquests anys. Una experiència positiva&#xd;
també va ser el fet d’estar a peu d’obra juntament amb professionals del ca</subfield>
   </datafield>
   <datafield tag="653" ind2=" " ind1=" ">
      <subfield code="a">Àrees temàtiques de la UPC::Enginyeria civil</subfield>
   </datafield>
   <datafield tag="653" ind2=" " ind1=" ">
      <subfield code="a">Àrees temàtiques de la UPC::Urbanisme::Projecte urbà</subfield>
   </datafield>
   <datafield tag="653" ind2=" " ind1=" ">
      <subfield code="a">City planning</subfield>
   </datafield>
   <datafield tag="653" ind2=" " ind1=" ">
      <subfield code="a">Urbanisme</subfield>
   </datafield>
   <datafield ind2="0" ind1="0" tag="245">
      <subfield code="a">Projecte urbanització UD-1 Sant Martí Sarroca (Alt Penedès)</subfield>
   </datafield>
   <datafield ind2="0" ind1="0" tag="245">
      <subfield code="a">Proyecto de urbanización y mejora del barrio "La Serra de Dalt" de Sant Marti Sarroca (Alt Penedès)</subfield>
   </datafield>
</record></metadata></record></GetRecord></OAI-PMH>